000 00611nam a2200253Ia 4500
003 OSt
005 20221005122913.0
006 a|||||r|||| 00| 0
007 ta
008 221004b |||||||| |||| 00| 0 tam d
024 _a46148
037 _cTextual
040 _aCRL
_cCRL
_btam
041 _2tam
_atam
082 _aO31,1:g, J5
100 _aChettiar Au.
_9632801
245 0 _aKavigyar kudl
260 _c1955
300 _a172p.
_ccm.
650 _a Tamil POETRY
650 _aTAMIL LITERATURE
942 _hO31,1:g, J5
_cTEXL
_2cc
999 _c1045755
_d1045755